|
|
|
|
| LEADER |
03673nam a2200853 i 4500 |
| 001 |
nkc20193155621 |
| 003 |
CZ PrNK |
| 005 |
20220726182218.0 |
| 007 |
ta |
| 008 |
191024s2019 xr a f 001 0 cze |
| 015 |
|
|
|a cnb003155621
|
| 020 |
|
|
|a 978-80-7485-199-5
|q (Books & Pipes ;
|q brožováno) :
|c Kč 180,00
|
| 020 |
|
|
|a 978-80-210-9425-3
|q (Masarykova univerzita ;
|q brožováno)
|
| 035 |
|
|
|a (OCoLC)1140076799
|
| 040 |
|
|
|a BOA001
|b cze
|d ABA001
|e rda
|
| 041 |
1 |
|
|a cze
|h eng
|
| 043 |
|
|
|a mm-----
|
| 045 |
|
|
|a h-l-
|
| 072 |
|
7 |
|a 7.01/.09
|x Umění
|2 Konspekt
|9 21
|
| 080 |
|
|
|a 7.011:316.72/.75
|2 MRF
|
| 080 |
|
|
|a 7.032(37)
|2 MRF
|
| 080 |
|
|
|a 7.033.1
|2 MRF
|
| 080 |
|
|
|a 316.72/.73
|2 MRF
|
| 080 |
|
|
|a 929.731
|2 MRF
|
| 080 |
|
|
|a 21/29-1/-9
|2 MRF
|
| 080 |
|
|
|a 316.462
|2 MRF
|
| 080 |
|
|
|a 7.04
|2 MRF
|
| 080 |
|
|
|a (4-12/-14)
|2 MRF
|
| 080 |
|
|
|a (048.8)
|2 MRF
|
| 100 |
1 |
|
|a Foletti, Ivan,
|d 1980-
|7 mzk2010595361
|4 aut
|
| 240 |
1 |
0 |
|a Faces and bodies, past and present.
|l Česky
|
| 245 |
1 |
0 |
|a Jupiter, Kristus, chalífa :
|b obrazy mocných a zrození středověku (IV.-VIII. století) /
|c Ivan Foletti, Katharina Meinecke ; z anglického originálu Faces and bodies, past and present - from Serapis to Christ and the Caliph přeložil Karel M. Pala
|
| 246 |
3 |
0 |
|a Obrazy mocných a zrození středověku (IV.-VIII. století)
|
| 250 |
|
|
|a 1. vydání
|
| 264 |
|
1 |
|a Brno :
|b Books & Pipes :
|b Masarykova Univerzita,
|c 2019
|
| 300 |
|
|
|a 109 stran :
|b ilustrace (převážně barevné) ;
|c 20 cm
|
| 336 |
|
|
|a text
|b txt
|2 rdacontent
|
| 336 |
|
|
|a statický obraz
|b sti
|2 rdacontent
|
| 337 |
|
|
|a bez média
|b n
|2 rdamedia
|
| 338 |
|
|
|a svazek
|b nc
|2 rdacarrier
|
| 490 |
1 |
|
|a Parva convivia ;
|v svazek 5
|
| 500 |
|
|
|a Vydáno ve spolupráci s Centrem raně středověkých studií při semináři dějin umění Masarykovy univerzity
|
| 504 |
|
|
|a Obsahuje bibliografii a rejstřík
|
| 648 |
|
7 |
|a 4.-5. století
|7 ch757151
|2 czenas
|
| 648 |
|
4 |
|a 4.-8. století
|
| 650 |
0 |
7 |
|a umění a společnost
|7 ph126924
|z Středozemní moře (oblast)
|y 4.-8. století
|2 czenas
|
| 650 |
0 |
7 |
|a římské antické umění
|7 ph128315
|y 4.-5. století
|2 czenas
|
| 650 |
0 |
7 |
|a raně křesťanské umění
|7 ph125029
|y 4.-8. století
|2 czenas
|
| 650 |
0 |
7 |
|a dialog kultur
|7 ph478605
|z Středozemní moře (oblast)
|y 4.-8. století
|2 czenas
|
| 650 |
0 |
7 |
|a panovníci
|7 ph117250
|2 czenas
|
| 650 |
0 |
7 |
|a náboženství
|7 ph115485
|2 czenas
|
| 650 |
0 |
7 |
|a autorita
|7 ph118710
|2 czenas
|
| 650 |
0 |
7 |
|a ikonografie
|7 ph121030
|2 czenas
|
| 650 |
0 |
9 |
|a art and society
|z Mediterranean area
|y 4th-8th centuries
|2 eczenas
|
| 650 |
0 |
9 |
|a ancient Roman art
|y 4th-5th centuries
|2 eczenas
|
| 650 |
0 |
9 |
|a early Christian art
|y 4th-8th centuries
|2 eczenas
|
| 650 |
0 |
9 |
|a dialogue of cultures
|z Mediterranean area
|y 4th-8th centuries
|2 eczenas
|
| 650 |
0 |
9 |
|a kings and rulers
|2 eczenas
|
| 650 |
0 |
9 |
|a religion
|2 eczenas
|
| 650 |
0 |
9 |
|a authority
|2 eczenas
|
| 650 |
0 |
9 |
|a iconography
|2 eczenas
|
| 655 |
|
7 |
|a studie
|7 fd133597
|2 czenas
|
| 655 |
|
9 |
|a studies
|2 eczenas
|
| 700 |
1 |
|
|a Meinecke, Katharina,
|d 1979-
|7 mzk20191057749
|4 aut
|
| 700 |
1 |
|
|a Pala, Karel,
|d 1963-
|7 xx0044916
|4 trl
|
| 830 |
|
0 |
|a Parva convivia
|0 s
|
| 856 |
4 |
1 |
|u https://www.digitalniknihovna.cz/mzk/uuid/uuid:774f6cf0-c908-11ef-b045-5ef3fc9bb22f
|y Digitalizovaný dokument
|x NDK
|
| 910 |
2 |
|
|a BOA001
|b 1-1440.149
|
| 928 |
9 |
|
|a Centrum raně středověkých studií
|
| 990 |
|
|
|a BK
|
| 995 |
|
|
|a 01
|
| 991 |
|
|
|b 201911
|c NOV
|
| 996 |
6 |
|
|b 2610806309
|c 1-1440.149
|l MZK
|r Sklad / do 1 hodiny
|n 2
|p p.v.
|w 001768696
|u 000010
|a 1
|e BOA001
|j MZK50
|s P
|
| 996 |
7 |
|
|b 2610806310
|c 1-1440.149
|l MZK
|r Sklad / do 1 hodiny
|n 10
|p p.v.
|w 001768696
|u 000020
|a 1
|e BOA001
|j MZK50
|s A
|